"Dobré přátelství" v listech Pětipeských z Chýš na sklonku předbělohorské doby
| Titel: | "Dobré přátelství" v listech Pětipeských z Chýš na sklonku předbělohorské doby |
|---|---|
| Verfasser: | |
| In: |
Porta Bohemica, Band 1 (2001), Seite 27-42 alle Artikel anzeigen |
| Veröffentlicht: | 2001 |
| Format: | Aufsatz |
| Sprache: | Tschechisch |
X
alg: 39322015 001A $01999:11-11-16 001B $06050:05-06-24 $t16:37:27.000 001D $01999:11-11-16 001U $0utf8 001X $00 002@ $0Aox 003@ $039322015X 007A $039322015X $aHEB 007T $0Herdp22777 010@ $acze 011@ $a2001 021A $a"Dobré přátelství" v listech Pětipeských z Chýš na sklonku předbělohorské doby 028A $7103368477 $8Bůžek, Václav$Z1959- [Tp1] $913877711X 031A $d1 $h27-42 $j2001 037A $aRés. něm. s. 41-42: "Gute Freundschaft" in Briefen der Familie Pětipeský von Chýše am Ende der Epoche vor der Schlacht am Weissen Berg 039B $aIn $8--Abvc--. Porta Bohemica. - Litoměřice : [Verlag nicht ermittelbar], 2001- $x200100000010000973 $9110372816 045F $a929.094371 $eDDC23BSB 045F/01 $a929 045F/03 $g4371 045T $aOST $qDE-12 $2FID lok: 39322015 78 exp: 39322015 78 1 #EPN 201B/01 $026-11-17 $t02:27:13.000 201U/01 $0utf8 203@/01 $0789330512 208@/01 $a11-11-16 $be 209A/01 $a/ $f000 $x00 220C/01 $aHerkunft: Hú Av Čr Praha 244Z/01 $#Tschechien $#Tschechische Republik $#Tschechische Republik $#Tschechenland $#Tschechei Tschechien $#Česká Republika $#Czech Republic $#ČR $74303381-7 $8--Tg1--Tschechien $x01 $9086659812 244Z/01 $2Trx $#Böhmen $#Bohemia $#Czechy $8--Trx--Čechy $x02 $9391188941 244Z/01 $2Trx $8--Trx--$PPětipeští z Chýš$lFamilie $x03 $9390865354 244Z/01 $2Trx $#aadel üldine $#bajorai bendras $#gentry $#nemesség általános $#szlachta ogólnie $#šľachta všeobecne $#šlechta všeobecně $#Aristokratie $#arystokracja $#aristokracia $#aristokrace $8--Trx--Adel$gallgemein $x04 $9391364162 244Z/01 $2Trx $#filosoofia $#filosofija $#Philosophy $#filozófia $#filozofia $#filozofia $#filozofie $8--Trx--Philosophie $x05 $9391360736 244Z/01 $2Trx $#korrespondenst $#susirašinėjimas $#Correspondences $#levelezés $#korespondencja $#korešpondencia $#korespondence $#laiškai $#Briefe $#Schriftverkehr $#listy $#listy $#dopisy $8--Trx--Korrespondenz $x06 $9391359568 244Z/01 $2Trx $8--Trx--Zeitschriftenaufsatz $x07 $9391384341 245Z/01 $a12.02 $x01 247C/01 $82080>Marburg/Lahn, Herder-Institut, Forschungsbibliothek, Bibliographieportal $9336309341
| LEADER | 00000caa a22000002c 4500 | ||
|---|---|---|---|
| 001 | 39322015X | ||
| 003 | DE-603 | ||
| 005 | 20240605163727.0 | ||
| 007 | tu | ||
| 008 | 161111s2001 xx |||| | u00||u|cze c | ||
| 035 | |a (DE-599)HEB39322015X | ||
| 040 | |a DE-603 |b ger |c DE-603 |d DE-603 | ||
| 041 | |a cze | ||
| 082 | 0 | 4 | |8 1\u |a 929.094371 |q DE-101 |2 23/BSB |
| 084 | |a OST |q DE-12 |2 fid | ||
| 085 | |8 1\u |b 929 | ||
| 085 | |8 1\u |z 2 |s 4371 | ||
| 100 | 1 | |a Bůžek, Václav |d 1959- |0 (DE-603)13877711X |0 (DE-588)103368477 |2 gnd | |
| 245 | 0 | 0 | |a "Dobré přátelství" v listech Pětipeských z Chýš na sklonku předbělohorské doby |
| 264 | 0 | |c 2001 | |
| 500 | |a Rés. něm. s. 41-42: "Gute Freundschaft" in Briefen der Familie Pětipeský von Chýše am Ende der Epoche vor der Schlacht am Weissen Berg | ||
| 773 | 0 | 8 | |i In |t Porta Bohemica |d Litoměřice : [Verlag nicht ermittelbar], 2001- |g Band 1 (2001), Seite 27-42 |w (DE-603)110372816 |w (DE-600)2104026-6 |
| 924 | 0 | |9 2080 |a (DE-603)789330512 |b DE-2080 |c HES |d d |g / | |


